Живота, който исках да бъде поема (Запис номер 13716)
[ съкратено ]
| 000 -Лидер | |
|---|---|
| Контролно поле с фиксирана дължина | 01550nam a2200337 a 4500 |
| 003 - Код на организацията, давaща контролен номер | |
| Контролно поле | BLK |
| 005 - Дата и час на последна редакция | |
| Контролно поле | 20241206005450.0 |
| 008 - Елементи от данни с фиксирана дължина | |
| fixed length control field | 180412b bul|||||r ||||||| ||bul|| |
| 010 ## - Наследен системен номер | |
| LC control number | KNG00015394000 |
| 020 ## - Международен стандартен номер на книга ISBN | |
| Международен стандартен номер на книга ISBN | 954-8317-13-3 |
| 040 ## - Източник на каталожния запис | |
| Идентификатор на билиотеката - собственик на записа | BLK |
| 041 ## - Код за език | |
| Код за езика на текст/звукозапис или на отделно заглавие | Български |
| Код за езика КДБФ | Български |
| 080 ## - УДК | |
| Текстов определител УДК | Българска литература |
| УДК код - определител по УДК | 821.163.2 |
| УДК определител | -1 |
| УДК - код + определител | 821.163.2-1 |
| 100 ## - Редна дума - Автор | |
| Автор | Багряна, Елисавета |
| Дати, свързани с автора | 1893-1991 |
| Пълна форма на името | Белчева, Елисавета Любомирова |
| R(LIN) | 364149 |
| 139 ## - Редно поле | |
| Редна дума | Багряна, Елисавета |
| Авторски знак | Баг - Б 13 |
| 245 10 - Сведения за заглавието | |
| Заглавие | Живота, който исках да бъде поема |
| Подзаглавни данни | Избрана поезия |
| Редно поле (дума) | Елисавета Багряна; под ред. на Блага Николова Димитрова; под ред. на Йордан Асенов Василев. |
| 260 ## - Област на издателските данни | |
| Място на издаване, разпространение и проч. | София |
| Име на издателя, разпространителя и проч. | Фонд 13 в. България |
| Година на издаване | 1993 |
| 300 ## - Физическа характеристика | |
| Страници | 264 с., 8 л. |
| Илюстрации и др. | портр. |
| Размери/Мащаб | 24 см |
| 380 ## - Жанр | |
| Жанр | Худож. лит. |
| 500 ## - Общи забележки | |
| Забележка | Съдържа и Автогр. текст ; летопис |
| 700 ## - Други автори (авторска отговорност) | |
| Лично име | Димитрова, Блага Николова |
| Дати, свързани с автора | 1922 - 2003 |
| Друга информация | Писателка, поетеса, драматург, публицист, преводачка |
| 9 (RLIN) | 363629 |
| 700 1# - Други автори (авторска отговорност) | |
| Лично име | Василев, Йордан Асенов |
| Автороска отговорност (Описва отношението между автора и произведението) | под ред. на |
| 9 (RLIN) | 364747 |
| 852 ## - Местоположение | |
| Форматна сигнатура | Цб 174739 |
| Фондова буква | Хранилище |
| 856 4# - Електронен адрес и достъп | |
| Електронен формат | pdf - файл |
| Път до файла /url/ | |
| Инструкция (цена за достъп) | 0.00 |
| Права за достъп | disable |
| 856 4# - Електронен адрес и достъп | |
| Електронен формат | pdf - файл |
| Път до файла /url/ | |
| Инструкция (цена за достъп) | 0.00 |
| Права за достъп | disable |
| 999 ## - СИСТЕМНИ КОНТРОЛНИ НОМЕРА | |
| Koha biblionumber | 13716 |
| Koha biblioitemnumber | 13716 |
| 942 ## - АРТИКУЛИ | |
| Вид на библиотечния материал | Книги |
| Скрит в OPAC | Не |
| Koha issues (borrowed), all copies | 8 |
| Периодичен библиозапис | Да |
| 944 ## - СЪЗДАВАНЕ И РЕДАКЦИЯ на ЗАПИСА | |
| Създаване/Редакция | Създаване |
| Дата на регистрацията/редакция | 15.01.2003 |
| Служител, извършил регистрацията/редакцията | |
| Статус, дата на статуса | CRON CRON |
| 944 ## - СЪЗДАВАНЕ И РЕДАКЦИЯ на ЗАПИСА | |
| Създаване/Редакция | Редакция |
| Дата на регистрацията/редакция | 31.10.2006 |
| 999 ## - СИСТЕМНИ КОНТРОЛНИ НОМЕРА | |
| Koha biblioitemnumber | 13716 |
| 999 ## - СИСТЕМНИ КОНТРОЛНИ НОМЕРА | |
| Koha biblioitemnumber | 13716 |
| Код за отписване | Код за изгубен артикул | Източник на класификационната схема | Код за повреда | Коз за рестрикции | Код за отдаване | Артикулен № | Име на библиотеката - собственик | Име на библиотеката, в която се намира в момента | Статус (Текущо местоположение) | Дата на вписване в системата | Местоположение - отдел | Цена в лева | Инвентарен номер | Систематично азбучна сигнатура | Баркод | Номер на екземпляра | Цена в евро | Служебна бележка | Служебен тип на артикула |
|---|---|---|---|---|---|---|---|---|---|---|---|---|---|---|---|---|---|---|---|
| Не е изгубен | Universal Decimal Classification | Не е повреден | без рестрикции | ползва се в читалня | 23545 | Регионална библиотека "Любен Каравелов" Русе | Регионална библиотека "Любен Каравелов" Русе | Хранилище | 1993-01-01 | Хранилище | 0.00 | 583203 | Цб 174739 | 120000583203 | 1 | 0.00 | Дост: Dp Вид: Д N: стар фонд Дата: 01.01.1993 | Книги | |
| Не е изгубен | Universal Decimal Classification | Не е повреден | без рестрикции | заемане за дома | 23546 | Регионална библиотека "Любен Каравелов" Русе | Регионална библиотека "Любен Каравелов" Русе | Заемна - подръчен фонд | 1993-01-01 | Заемна - подръчен фонд | 0.76 | 612709 | П 886.7-1/Б 13 | 120000612709 | 2 | 0.39 | Дост: Pk Вид: Ф N: стар фонд Дата: 01.01.1993 Дата инв: 15.02.2018 Бележки инв: П2018 | Книги | |
| Не е изгубен | Не е повреден | без рестрикции | заемане за дома | 23547 | Регионална библиотека "Любен Каравелов" Русе | Регионална библиотека "Любен Каравелов" Русе | Заемна - подръчен фонд | 2006-10-30 | Заемна - подръчен фонд | 10.00 | 120000706266 | П 886.7-1/Б 13 | 120000706266 | 3 | 5.11 | Дост: DA Вид: А N: 17 Дата: 30.10.2006 Дата инв: 15.02.2018 Бележки инв: П2018 | Книги |